<?xml version="1.0" encoding="UTF-8"?>
<record
    xmlns:xsi="http://www.w3.org/2001/XMLSchema-instance"
    xsi:schemaLocation="http://www.loc.gov/MARC21/slim http://www.loc.gov/standards/marcxml/schema/MARC21slim.xsd"
    xmlns="http://www.loc.gov/MARC21/slim">

  <leader>01714nam a22002657a 4500</leader>
  <datafield tag="999" ind1=" " ind2=" ">
    <subfield code="c">5018</subfield>
    <subfield code="d">5018</subfield>
  </datafield>
  <controlfield tag="003">DO-SdBJH</controlfield>
  <controlfield tag="005">20200305215425.0</controlfield>
  <controlfield tag="008">181106b           ||||| |||| 00| 0 spa d</controlfield>
  <datafield tag="040" ind1=" " ind2=" ">
    <subfield code="a">DO-SdBJH</subfield>
    <subfield code="b">spa</subfield>
    <subfield code="c">DO-SdBJH</subfield>
  </datafield>
  <datafield tag="090" ind1=" " ind2=" ">
    <subfield code="a">TG EGAEE</subfield>
    <subfield code="b">01341 2017</subfield>
  </datafield>
  <datafield tag="100" ind1="1" ind2=" ">
    <subfield code="a">F&#xE9;liz Montero, An&#xED;bal</subfield>
    <subfield code="e">sustentante</subfield>
  </datafield>
  <datafield tag="245" ind1="1" ind2="0">
    <subfield code="a">Impacto de la degradaci&#xF3;n medio ambiental de Valle Nuevo en el desarrollo Nacional, per&#xED;odo 2014-2016 / </subfield>
    <subfield code="c">An&#xED;bal F&#xE9;liz Montero, asesores  Freddy N&#xFA;&#xF1;ez Mieses, Rafael Antonio Quezada P&#xE9;rez</subfield>
  </datafield>
  <datafield tag="260" ind1=" " ind2=" ">
    <subfield code="a">Santo Domingo :</subfield>
    <subfield code="b">INSUDE, </subfield>
    <subfield code="c">2017</subfield>
  </datafield>
  <datafield tag="300" ind1=" " ind2=" ">
    <subfield code="a">xiii, 85 p&#xE1;ginas, ilustraciones-mapas-fotograf&#xED;as-tabla e im&#xE1;genes</subfield>
  </datafield>
  <datafield tag="502" ind1=" " ind2=" ">
    <subfield code="a">Tesis (Especialidad en Geopol&#xED;tica) --Instituto Superior para la Defensa (INSUDE). Escuela de Graduados en Altos Estudios Estrat&#xE9;gico, 2017</subfield>
  </datafield>
  <datafield tag="504" ind1=" " ind2=" ">
    <subfield code="a">Incluye referencias bibliogr&#xE1;ficas e &#xED;ndices</subfield>
  </datafield>
  <datafield tag="505" ind1=" " ind2=" ">
    <subfield code="a">degradaci&#xF3;n medioambiental y generalidades. -- Amenazas relacionadas con la degradaci&#xF3;n medioambiental en el parque nacional Juan Bautista P&#xE9;rez Rancier Valle Nuevo. -- Impacto econ&#xF3;mico del area protegida porque nacional Juan Bautista P&#xE9;rez Rancier Valle Nuevo en el desarrollo nacional</subfield>
  </datafield>
  <datafield tag="650" ind1=" " ind2="4">
    <subfield code="a">Valle Nuevo parque nacional -- Amenazas con degradaci&#xF3;n</subfield>
  </datafield>
  <datafield tag="650" ind1=" " ind2="4">
    <subfield code="a">Desertificacion -- Perdida de cobertura boscosa -- Protecci&#xF3;n y conservaci&#xF3;n</subfield>
  </datafield>
  <datafield tag="651" ind1=" " ind2="4">
    <subfield code="a">Rep&#xFA;blica Dominicana. Instituto Superior para la Defensa -- Escuela de Graduados de Altos Estudios Estrat&#xE9;gicos (Geopol&#xED;tica)</subfield>
  </datafield>
  <datafield tag="700" ind1="1" ind2=" ">
    <subfield code="a">N&#xFA;&#xF1;ez Mieses, Freddy</subfield>
    <subfield code="e">asesor</subfield>
  </datafield>
  <datafield tag="700" ind1="1" ind2=" ">
    <subfield code="a">Quezada P&#xE9;rez, Rafael Antonio</subfield>
    <subfield code="e">asesor</subfield>
  </datafield>
  <datafield tag="830" ind1=" " ind2=" ">
    <subfield code="a">INSUDE.  Escuela de Graduados en Altos Estudios Estrat&#xE9;gico. Tesis y disertaciones acad&#xE9;micas</subfield>
  </datafield>
  <datafield tag="942" ind1=" " ind2=" ">
    <subfield code="2">ddc</subfield>
    <subfield code="c">T</subfield>
  </datafield>
  <datafield tag="952" ind1=" " ind2=" ">
    <subfield code="0">0</subfield>
    <subfield code="1">0</subfield>
    <subfield code="2">ddc</subfield>
    <subfield code="4">0</subfield>
    <subfield code="7">1</subfield>
    <subfield code="8">TG</subfield>
    <subfield code="a">BJHA</subfield>
    <subfield code="b">BJHA</subfield>
    <subfield code="d">2018-11-06</subfield>
    <subfield code="i">17-01341</subfield>
    <subfield code="l">0</subfield>
    <subfield code="o">TG EGAEE 01341 2017</subfield>
    <subfield code="p">17-01341</subfield>
    <subfield code="r">2018-11-06 00:00:00</subfield>
    <subfield code="t">e.1</subfield>
    <subfield code="w">2018-11-06</subfield>
    <subfield code="y">T</subfield>
  </datafield>
</record>
